000 00419nam a22001697a 4500
003 DO-SdBPM
005 20251028120610.0
007 ta
008 220324b1989 dr ||| |||| 00| 0 spa d
040 _aBPMSU
_cBPMSU
082 _bH557a 1989
100 _aHernández, Angela
_d1954-
245 _aAlótropos /
_cAngela Hernéndez
260 _aSanto Domingo:
_balas ;
_c1989
300 _a129 p;
_c22 cm
942 _2ddc
_cBK
999 _c14111
_d14111